| 000 | 00440nam a2200181Ia 4500 | ||
|---|---|---|---|
| 001 | 21425 | ||
| 005 | 20260306172918.0 | ||
| 008 | 260306t1999||||xx |||||||||||||| ||spa|| | ||
| 041 | _aESP | ||
| 082 |
_a345 _bB12A |
||
| 100 |
_aBacigalupo, Enrique _eAUT |
||
| 245 | 0 | _aPrincipios constitucionales de derecho penal | |
| 260 | _c1999 | ||
| 300 |
_a253 páginas : _c23 cm. |
||
| 650 | _aGEN | ||
| 654 | _aCDE | ||
| 942 |
_cLIB _dJUS _fJUS _2ddc _n |
||
| 999 |
_c21425 _d21425 |
||